Equipos - Eurocopa 2008 - Estadísticas

Estadísticas generales
  • Esta prueba ha sido intentada 71 veces
  • La puntuación promedio es 14 de 16
Estadísticas de respuestas
Squadra % Correcto
España
100%
Italia
100%
Alemania
98%
Francia
97%
Suiza
95%
Portugal
93%
Turquía
93%
Austria
92%
Rusia
92%
Grecia
90%
Suecia
90%
Países Bajos
89%
Croacia
85%
Polonia
77%
Rumanía
77%
República Checa
74%
No se encontraron pruebas coincidentes
Distribución de puntuación
Porcentaje de gente con cada puntuación
Porcentaje por número respondido
Historial de tus puntuaciones
No has intentado esta prueba.